000 00627nam a2200241 a 4500
001 nice12345678
003 IN_TiNIC
005 20260116014820.0
008 050524s2002 newa grp 000 0 eng
020 _a8174368
_c395
082 0 0 _a297.72
_bAKB
100 _aAkbar, M J
245 _aShade of Swords
_b Jihad and the Conflict Between Islam and Christianity
260 _aNew Delhi
_bLotus Collection, Roli Books
_c2002
300 _a352p
500 _aincludes index and biblioraphy
505 2 _aIndex
650 _aJihad
700 1 _aAkbar, M J
902 _bSRS
942 _cBK
999 _c17103
_d17103